| 000 | 00354ntaaa2200145 4500 | ||
|---|---|---|---|
| 003 | 01 | ||
| 005 | 20251027201442.0 | ||
| 008 | 0714s1973 ag 01 | ||
| 040 |
_aAR-BaBN _bspa _cAR-BaBN _eaacr _dRIC |
||
| 082 | _a226.2000 U58 | ||
| 245 | _aEvangelios | ||
| 250 |
_a1 ed. : _bUniversidad Nacional de México, _cn.f. |
||
| 650 | _aBiblia-N.T.-Mateo | ||
| 942 | _cBK | ||
| 999 |
_c9041 _d9041 |
||